00828nam a22001577a 4500008004100000020001800041100001600059245005400075260004000129300002600169505023700195942001200432999001600444952010500460952010500565121128t xxu||||| |||| 00| 0 eng d a9780194369305 aSoars, Liz. aNew headway advanced student's book. /cLiz Soars aNew York:bOxford University Press, a160 p.bill. :c26cm. aContents: Our land is your land! -- Never lost for words! -- Big business -- Celebrity -- Love is... -- Newspeak -- Words of wisdom -- Altered images -- History lessons -- The Body beautiful -- The ends of the earth -- Life goes on. 2lcccBK c2603d10103 00102lcc4070aWIUC-1bWIUC-1cREFd2012-11-28l0p6526/12r2012-11-28 00:00:00t1w2012-11-28yBK 00102lcc4070aWIUC-1bWIUC-1cREFd2012-11-28l0p6525/12r2012-11-28 00:00:00t2w2012-11-28yBK